| 000 | 00608cam a2200205 4500 | ||
|---|---|---|---|
| 001 | BIIH005479 | ||
| 008 | 1986 spa | ||
| 020 | _a84-206-9034-1 | ||
| 035 | _aBIIH005479 | ||
| 050 | 4 |
_aHG2040 _bT67 1980 |
|
| 100 | 1 | _aTortella, Gabriel | |
| 245 | 0 |
_aHistoria del banco de credito industrial / _cGabriel Tortella, Juan Carlos Jimenez. |
|
| 260 |
_aEspaña : _bAlianza, _c1986 |
||
| 300 |
_a278 p. ; _c21 cm. |
||
| 500 | _a1 ejemplar | ||
| 505 | _aProyecto Fomes, 2000 | ||
| 650 | 4 |
_aCredito Industrial _xEspaña |
|
| 700 | 1 |
_aJimenez, Juan Carlos, _ecoaut. |
|
| 942 |
_2lcc _cLIB |
||
| 999 |
_c67138 _d67138 |
||